| 000 | 00533nam a2200157 a 4500 | ||
|---|---|---|---|
| 001 | 000029195 | ||
| 005 | 20200930055405.0 | ||
| 008 | 110414s2010 dr ac 000 0 spa d | ||
| 020 | _a9789945872507 | ||
| 040 |
_aDO-SdBNP _bspa _cBNPHU |
||
| 110 | 1 |
_aRepública Dominicana . _bDespacho de la Primera Dama _91327 |
|
| 245 | 1 | 0 |
_aInforme final : _bplanificación estratégica Despacho de la Primera Dama 2010-2012. |
| 260 |
_aSanto Domingo : _bPunto Mágico, _c2010. |
||
| 300 |
_a57 p., [39 p.] : _bil., retrs. ; _c22 cm. |
||
| 049 | _aBNPD | ||
| 999 |
_c28687 _d28687 |
||